|
|
|
|
| LEADER |
01196cam a2200313 a 4500 |
| 001 |
c000405088 |
| 003 |
CARM |
| 005 |
20200421131321.0 |
| 008 |
200421s2000 ilua b 001 0 eng |
| 010 |
|
|
|a 00709571
|
| 019 |
1 |
|
|a 69842304
|5 LACONCORD2021
|
| 020 |
|
|
|a 1577661052
|
| 035 |
|
|
|a (OCoLC)44679661
|5 LACONCORD2021
|
| 040 |
|
|
|a DLC
|b eng
|c DLC
|d DLC
|
| 050 |
0 |
0 |
|a HM866
|b .M46 2000
|
| 082 |
0 |
0 |
|a 302.3
|2 21
|
| 100 |
1 |
|
|a Miller, David L.,
|d 1944-
|
| 245 |
1 |
0 |
|a Introduction to collective behavior and collective action /
|c David L. Miller.
|
| 250 |
|
|
|a 2nd ed.
|
| 260 |
|
|
|a Prospect Heights, Ill. :
|b Waveland Press,
|c c2000.
|
| 300 |
|
|
|a xvi, 504 p. :
|b ill. ;
|c 26 cm.
|
| 504 |
|
|
|a Includes bibliographical references (p. 467-488) and indexes.
|
| 650 |
|
0 |
|a Collective behavior.
|
| 852 |
8 |
|
|b CARM
|i C13783
|p 0655748
|f BK
|
| 852 |
8 |
|
|b SCAN
|h A3:AF07G0
|i C13783
|p 0655748
|f BK
|
| 852 |
8 |
|
|b SCAN
|h A3:AF07G0
|i C13783
|p 0655748
|f BK
|
| 999 |
f |
f |
|i b64c1ff7-761e-5b9c-9932-4228ba75688b
|s 7edc0c8c-19df-5db8-9f36-9dc22aa464e7
|
| 952 |
f |
f |
|p Can circulate
|a CAVAL
|b CAVAL
|c CAVAL
|d CARM 1 Store
|e C13783
|h Other scheme
|i book
|m 0655748
|
| 952 |
f |
f |
|a CAVAL
|b CAVAL
|c CAVAL
|d Unmapped Location
|e C13783
|f A3:AF07G0
|h Other scheme
|